• 首页
  • 本馆介绍
  • 公告通知
  • 最新文献
  • 馆藏检索
  • 电子资源
  • 读者导购
  • 参考咨询
  • 我的图书馆
  • 登录
  • 详细信息显示
  • 放入我的书架
  • 预约/预借图书
  • 作者相关作品
  • 分类相关作品
  • 丛书相关作品
  • 出版社相关作品

书目信息

  • 表格格式
  • 工作单格式
  • 卡片格式
题名:
细胞和分子免疫学实验技术
    
 
作者: 金伯泉 主编
分册:  
出版信息: 西安   第四军医大学出版社  2002
页数: 142页
开本: 24cm
丛书名:
单 册:
中图分类: Q2-33
科图分类:
主题词: 细胞学实验与细胞学研究方法--分子免疫学
电子资源:
ISBN: 7-81086-027-5
000 00795nam0 2200217 45
001 002217938
005 20050331152201.5
010    @a7-81086-027-5@dCNY16.00
100    @a20021211d2002 em y0chiy0110 ea
101 0  @achi
102    @aCN@b610000
105    @ay z 000yy
200 1  @a细胞和分子免疫学实验技术@Axi bao he fen zi mian yi xue shi yan ji shu@f金伯泉主编@FJin Bo Quan Zhu Bian
210    @a西安@c第四军医大学出版社@d2002
215    @a142页@d24cm
330    @a本书包括免疫血清的制备,免疫球蛋白的纯化、标记和应用,免疫细胞的分离技术,淋巴细胞增殖功能和杀伤功能的测定,细胞因子生物学活性以及免疫学方法检测等内容。
606 0  @a细胞学实验与细胞学研究方法@x分子免疫学
690    @aQ2-33@v4
701  0 @a金伯泉@4主编
801  0 @aCN@bNLC@c20030116
905    @f5@b346898-902@dQ2-33@e15
    
    细胞和分子免疫学实验技术/金伯泉主编.-西安:第四军医大学出版社,2002
    142页;24cm
    
    
    ISBN 7-81086-027-5:CNY16.00
    本书包括免疫血清的制备,免疫球蛋白的纯化、标记和应用,免疫细胞的分离技术,淋巴细胞增殖功能和杀伤功能的测定,细胞因子生物学活性以及免疫学方法检测等内容。
●
相关链接 在E读中查询图书 在五车中查询图书 在当当中查询图书 在豆瓣中查询图书


正题名:细胞和分子免疫学实验技术     索取号:Q2-33/15         预约/预借

序号 登录号 条形码 馆藏地/架位号 状态 备注
1 0346898   203468988   第二样本阅览室/ [索取号:Q2-33/15] 在馆    
2 0346899   203468997   第三借阅区/ [索取号:Q2-33/15] 在馆    
3 0346900   203469004   第三借阅区/ [索取号:Q2-33/15] 在馆    
4 0346901   203469013   第三借阅区/ [索取号:Q2-33/15] 在馆    
5 0346902   203469022   第三借阅区/ [索取号:Q2-33/15] 在馆    
唐山师范学院图书馆 欢迎您!
大连网信软件有限公司© 版权所有